000 00904nas a2200301 4500
001 BR2013002490
003 BR-BrBNA
005 20231205122122.0
007 ta
008 230509b bl.|||p| |||| 00| 00por d
040 _aBR-BrBNA
_bpor
_cBiblioteca Nacional de Agricultura
041 _a(Pt)
072 _aF04
100 1 _aCarvalho, J.S.B.
100 1 _aMartins, J.D.L.
100 1 _aUlisses, C.
100 1 _aSilva, W.L.
245 1 _aAdubação orgânica, mineral e organomineral e sua influencia no crescimento da helicônia em Garanhuns-PE
650 _aHELICÔNIA
650 _aADUBO ORGÂNICO
650 _aFERTILIZANTE
650 _aCRESCIMENTO
650 _aNPK
650 _aPERNAMBUCO
773 0 _tHorticultura Brasileira (Brazil)
_xISSN 0102-0536
_g(Oct-Dec 2012), v. 30(4) p. 579-583
_wBR2013002490
909 _a202311
_bLúcia
_c55
_dLúcia Elande
942 _2AGRIS
_n0
_cANA
999 _c227022
_d227022